| 000 | 00000nas 2200000za 4500 |
| 001 | 9.826561 |
| 003 | CaOODSP |
| 005 | 20240527135430 |
| 007 | cr ||||||||||| |
| 008 | 161028c20099999onc|x mso f0###a0eng|d |
| 040 | |aCaOODSP|beng |
| 043 | |an-cn--- |
| 086 | 1 |aCW65-1E-PDF |
| 130 | 0 |aSpecies at Risk Act policies and guidelines series. |
| 245 | 00|aSpecies at Risk Act policies and guidelines series |h[electronic resource]. |
| 260 | |aOttawa : |bEnvironment and Climate Change Canada,|c[2009]- |
| 310 | |aIrregular. |
| 500 | |aIssued also in French under title: Loi sur les espèces en péril, séries de politiques et de lignes directrices. |
| 692 | 07|2gccst|aEndangered species |
| 692 | 07|2gccst|aPolicy |
| 710 | 2 |aCanadian Wildlife Service. |
| 775 | 08|tLoi sur les espèces en péril, séries de politiques et de lignes directrices |w(CaOODSP)9.826565 |